000 00237nam a2200085Ia 4500
245 0 _aThe African animals pop idols show
100 _a CHAIT, Irma Cape Town, 2009
_991013
942 _cBK
008 210825s9999 xx 000 0 und d
999 _c558089
_d558088